000 00749cam a2200217 a 4500
001 12533846
005 20250226202427.0
008 010914r20021997tnua b 000 0 eng
020 _a0785265961
020 _z9781418508296
_qebook
050 0 0 _aBF637.S8
_bM342 2002
082 0 0 _a158.1
_221
100 1 _aMaxwell, John C.,
_d1947-
245 1 0 _aYour road map for success /
_cJohn C. Maxwell.
260 _aNashville, Tenn. :
_bT. Nelson,
_c2002.
300 _ax, 244 p. :
_bill. ;
_c23 cm.
500 _aOriginally published: The success journey. Nashville : T. Nelson, 1997.
650 0 _aSuccess
_xPsychological aspects.
856 4 2 _3Publisher description
_uhttp://www.loc.gov/catdir/enhancements/fy0612/2001051211-d.html
942 _2lcc
_cBK
_n0
999 _c4396
_d4396